00439nam a2200157Ia 4500020001800000082001500018245006500033260005300098300001100151504001900162650002300181650001100204650002500215650002000240700002100260 a0-7914-6361-3 a305.8 POS- 0aPostcolonial whiteness: a critical reader on race and empire aAlbanybState University of New York Pressc2005 ax, 261 aincludes index aIndigenous peoples aRacism aWhitevRace identity aPostcolonialism aLopez, Alfred J.